| 000 | 00377nam a2200145Ia 4500 | ||
|---|---|---|---|
| 008 | 230917s9999||||xx |||||||||||||| ||und|| | ||
| 040 |
_e49968 _aMAIN |
||
| 041 | _aEnglish | ||
| 082 | _a200.1 B834I | ||
| 100 | _aBrummer, Vincent | ||
| 245 | 0 | _aTheology and philosophical inquiry: an introduction | |
| 260 |
_aLondon _bMacmillan _c1981 |
||
| 300 | _aix, 306 p. | ||
| 942 | _cBK | ||
| 999 |
_c221261 _d221261 |
||